[Event "Turkey Cup 2020"]
[Site "Antalya-Belek"]
[Date "2020.01.30"]
[Round "7.50"]
[White "Yaylali, Adnan Dogan"]
[Black "Aslanhan, Halis"]
[Result "0-1"]
[WhiteElo "1947"]
[BlackElo "1774"]
[Annotator "NA RC"]
[PlyCount "82"]
[EventDate "2020.01.26"]
[EventType "swiss"]
[EventCountry "TUR"]
[SourceTitle "playchess.com"]
[Source "ChessBase"]
[SourceQuality "1"]

1. d4 d5 2. Nf3 Nf6 3. Bf4 Bf5 4. e3 c6 5. Nbd2 e6 6. Be2 Bd6 7. Ne5 Qe7 8. g4 Be4 9. f3 Bg6 10. h4 h5 11. g5 Nfd7 12. Nxg6 fxg6 13. Bxd6 Qxd6 14. f4 c5 15. c3 Nc6 16. Bb5 O-O 17. Qa4 cxd4 18. cxd4 a6 19. Bxc6 bxc6 20. Rc1 Rfc8 21. O-O c5 22. dxc5 Nxc5 23. Qd4 Qf8 24. e4 dxe4 25. Nxe4 Nxe4 26. Qxe4 Qd6 27. Rce1 Kh7 28. Rf2 Re8 29. Qe5 Qd3 30. Kg2 Rad8 31. Rc1 Rd5 32. Qc3 Qf5 33. Qg3 Rd3 34. Rf3 Red8 35. Re1 Qd5 36. Re5 Rd2+ 37. Kh3 Qxa2 38. f5 exf5 39. Re7 Qc4 40. Rxg7+ Kxg7 41. Qe5+ Kg8 0-1

[Event "Turkey Cup 2020"]
[Site "Antalya-Belek"]
[Date "2020.01.30"]
[Round "7.51"]
[White "Duran, Esma Doga"]
[Black "Var, Sefa"]
[Result "1/2-1/2"]
[WhiteElo "1877"]
[BlackElo "1739"]
[Annotator "NA RC"]
[PlyCount "114"]
[EventDate "2020.01.26"]
[EventType "swiss"]
[EventCountry "TUR"]
[SourceTitle "playchess.com"]
[Source "ChessBase"]
[SourceQuality "1"]

1. Nf3 d5 2. d4 Nf6 3. c4 c6 4. Nc3 e6 5. g3 Nbd7 6. Bg2 Be7 7. O-O O-O 8. Nd2 b5 9. b3 bxc4 10. bxc4 Ba6 11. Qa4 Qc8 12. c5 e5 13. Ba3 Re8 14. Rfe1 exd4 15. Qxd4 Qc7 16. Qa4 Bb7 17. Nb3 Qe5 18. Rac1 Nb6 19. cxb6 axb6 20. Bxe7 Rxa4 21. Bxf6 Qxf6 22. Nxa4 Qd8 23. e3 h5 24. h4 g5 25. hxg5 Qxg5 26. Nxb6 h4 27. gxh4 Qxh4 28. Nd4 Qd8 29. Na4 Qd6 30. Rc5 Ra8 31. Nf5 Qf8 32. Nb6 Qxc5 33. Nxa8 Qa5 34. Rb1 Qxa8 35. Nd6 Ba6 36. Rb6 Bb5 37. Nxb5 cxb5 38. Rxb5 Qxa2 39. Rxd5 Qb1+ 40. Kh2 Qb8+ 41. Kh3 Kg7 42. f4 Qb6 43. Rg5+ Kf8 44. Re5 f6 45. Re4 Kf7 46. f5 Qb1 47. Kg4 Qd1+ 48. Kg3 Qe1+ 49. Kf3 Qd1+ 50. Kg3 Qh5 51. Rf4 Qg5+ 52. Kf2 Ke7 53. Bd5 Kd6 54. Be6 Qh6 55. Rd4+ Kc5 56. Rc4+ Kd6 57. Rd4+ Kc5 1/2-1/2

[Event "Turkey Cup 2020"]
[Site "Antalya-Belek"]
[Date "2020.01.30"]
[Round "7.52"]
[White "Celebi, Orhan"]
[Black "Camdereli, Gunduz"]
[Result "1/2-1/2"]
[WhiteElo "1834"]
[BlackElo "1763"]
[Annotator "NA RC"]
[PlyCount "185"]
[EventDate "2020.01.26"]
[EventType "swiss"]
[EventCountry "TUR"]
[SourceTitle "playchess.com"]
[Source "ChessBase"]
[SourceQuality "1"]

1. e4 e5 2. Nf3 Nc6 3. d4 exd4 4. Bc4 Nf6 5. O-O Nxe4 6. Re1 d5 7. Bxd5 Qxd5 8. Nc3 Qh5 9. Nxe4 Be6 10. Neg5 O-O-O 11. Nxe6 fxe6 12. Rxe6 Bd6 13. Bd2 Rhf8 14. h3 Qf5 15. Qe1 Kd7 16. Re2 Rde8 17. Rc1 Qb5 18. Rxe8 Rxe8 19. Qd1 Qe2 20. Qxe2 Rxe2 21. Kf1 Re8 22. Rd1 Rd8 23. Bg5 Be7 24. c3 Bxg5 25. Nxg5 h6 26. Nf3 Ke6 27. cxd4 Kd5 28. Ke2 Ke4 29. Rc1 Rd7 30. a3 a5 31. Rc5 Nxd4+ 32. Nxd4 Kxd4 33. Rxa5 b6 34. Ra4+ Kd5 35. h4 h5 36. Rf4 Ke5 37. Rb4 g6 38. Rb5+ Kf6 39. a4 Rd4 40. b4 Rxh4 41. a5 bxa5 42. bxa5 Ra4 43. Rc5 g5 44. g3 Ra3 45. Kf1 Ra1+ 46. Kg2 Ra2 47. Kf3 Kg6 48. Ke3 Ra1 49. Ke4 h4 50. gxh4 gxh4 51. Kf3 h3 52. Kg3 Ra3+ 53. Kg4 h2 54. Rc6+ Kg7 55. Rxc7+ Kg6 56. Rc6+ Kg7 57. Rc1 Ra4+ 58. Kg3 Rxa5 59. Kxh2 Kf6 60. Kg3 Rg5+ 61. Kf3 Rf5+ 62. Ke2 Re5+ 63. Kf1 Ra5 64. Rc6+ Kf5 65. Rc8 Kf4 66. Rf8+ Kg4 67. Kg2 Ra2 68. Rb8 Ra4 69. f3+ Kf4 70. Rf8+ Kg5 71. Kg3 Ra3 72. Rb8 Kf5 73. Rb5+ Kf6 74. Kg4 Ra4+ 75. f4 Ra6 76. Rh5 Ra1 77. Rh6+ Kf7 78. Rb6 Ra5 79. Rb7+ Kf6 80. Rb8 Rc5 81. Rh8 Ra5 82. Rb8 Rc5 83. Rb4 Ra5 84. Rb6+ Kf7 85. Rd6 Rb5 86. Kf3 Ra5 87. Rd4 Kf6 88. Ke4 Rb5 89. Ra4 Rc5 90. Kd4 Rb5 91. Ke4 Rc5 92. Kf3 Kf5 93. Ra5 1/2-1/2

[Event "Turkey Cup 2020"]
[Site "Antalya-Belek"]
[Date "2020.01.30"]
[Round "7.53"]
[White "Temel, Burcu Melis"]
[Black "Suzan, Ufuk"]
[Result "1-0"]
[WhiteElo "1752"]
[BlackElo "1861"]
[Annotator "NA RC"]
[PlyCount "61"]
[EventDate "2020.01.26"]
[EventType "swiss"]
[EventCountry "TUR"]
[SourceTitle "playchess.com"]
[Source "ChessBase"]
[SourceQuality "1"]

1. e4 e5 2. Nc3 Nf6 3. g3 g6 4. Bg2 Bg7 5. Nge2 d6 6. d3 Nc6 7. h3 Be6 8. Nd5 h6 9. Be3 Ne7 10. Nxf6+ Bxf6 11. Qd2 Bg7 12. c4 c6 13. f4 f5 14. c5 d5 15. fxe5 dxe4 16. Nf4 Bc8 17. d4 g5 18. Nh5 O-O 19. Bf1 Ng6 20. Bc4+ Kh7 21. h4 f4 22. gxf4 Nxh4 23. O-O-O Nf3 24. Qc2 Bf5 25. fxg5 Nxg5 26. Rdg1 Rh8 27. Bxg5 hxg5 28. Nf6+ Kg6 29. Rxg5+ Kxg5 30. Qg2+ Kf4 31. Rf1+ 1-0

[Event "Turkey Cup 2020"]
[Site "Antalya-Belek"]
[Date "2020.01.30"]
[Round "7.54"]
[White "Aysoy, Veysi"]
[Black "Erdal, Emre"]
[Result "1-0"]
[WhiteElo "1869"]
[BlackElo "1833"]
[Annotator "NA RC"]
[PlyCount "93"]
[EventDate "2020.01.26"]
[EventType "swiss"]
[EventCountry "TUR"]
[SourceTitle "playchess.com"]
[Source "ChessBase"]
[SourceQuality "1"]

1. e4 c6 2. Nc3 d5 3. Nf3 Bg4 4. h3 Bxf3 5. Qxf3 e6 6. d4 dxe4 7. Nxe4 Nd7 8. Bd3 Ngf6 9. O-O Nxe4 10. Bxe4 Bd6 11. c4 f5 12. Bxc6 bxc6 13. Qxc6 Be7 14. Qxe6 Qb6 15. Qe3 Kf7 16. Qd3 g6 17. c5 Qe6 18. Bd2 Qd5 19. Bc3 Rhd8 20. b4 Bf6 21. a3 a6 22. Rfd1 Ne5 23. Qc2 Nc6 24. Rd3 Qc4 25. Qd2 Nxd4 26. Bxd4 Rxd4 27. Rxd4 Qxd4 28. Qa2+ Kg7 29. Re1 a5 30. Qb3 Qc3 31. Re7+ Kh6 32. Qxc3 Bxc3 33. b5 Bd4 34. Rc7 Rd8 35. g4 Rd5 36. gxf5 Rxf5 37. b6 Bxf2+ 38. Kg2 Rxc5 39. Kxf2 Rb5 40. b7 g5 41. Ke3 Kg6 42. Kd4 h5 43. Kc4 Rb1 44. Kc5 Kf6 45. Rc6+ Ke7 46. Rb6 Rc1+ 47. Kb5 1-0

[Event "Turkey Cup 2020"]
[Site "Antalya-Belek"]
[Date "2020.01.30"]
[Round "7.55"]
[White "Aydogdu, Selcan Ayberk"]
[Black "Caglar, Mehmet Halil"]
[Result "1-0"]
[WhiteElo "1940"]
[BlackElo "1670"]
[Annotator "NA RC"]
[PlyCount "73"]
[EventDate "2020.01.26"]
[EventType "swiss"]
[EventCountry "TUR"]
[SourceTitle "playchess.com"]
[Source "ChessBase"]
[SourceQuality "1"]

1. d4 d5 2. c4 c6 3. Nf3 Nf6 4. e3 e6 5. Bd3 dxc4 6. Bxc4 b5 7. Bd3 a6 8. a4 Bb7 9. O-O Nbd7 10. b3 Be7 11. Bb2 O-O 12. Nbd2 Rb8 13. Qc2 Rc8 14. Ne5 h6 15. Ndf3 c5 16. Qe2 Bd5 17. axb5 axb5 18. Bxb5 Bxb3 19. Nc6 Qe8 20. Ra7 Rxc6 21. Bxc6 Qc8 22. Bxd7 Nxd7 23. Qb5 c4 24. Qxd7 Bb4 25. Qxc8 Rxc8 26. Rb7 Ba5 27. Rb5 Bd8 28. Bc3 Be7 29. Ra1 Rc7 30. Rba5 Bf8 31. Ra7 Rc6 32. R1a6 Rc8 33. Ra8 Rc7 34. Ne5 Rb7 35. Nc6 Bc2 36. Rxf8+ Kh7 37. Nb4 1-0

[Event "Turkey Cup 2020"]
[Site "Antalya-Belek"]
[Date "2020.01.30"]
[Round "7.56"]
[White "Ataer, Arda Burak"]
[Black "Kaptan, Emre Akin"]
[Result "0-1"]
[WhiteElo "1762"]
[BlackElo "1869"]
[Annotator "NA RC"]
[PlyCount "122"]
[EventDate "2020.01.26"]
[EventType "swiss"]
[EventCountry "TUR"]
[SourceTitle "playchess.com"]
[Source "ChessBase"]
[SourceQuality "1"]

1. e4 c5 2. Nf3 e6 3. d4 cxd4 4. Nxd4 Nc6 5. c4 Nf6 6. Nc3 Bb4 7. Nxc6 bxc6 8. Bd3 d5 9. cxd5 Bxc3+ 10. bxc3 cxd5 11. exd5 Qxd5 12. O-O Bb7 13. f3 O-O-O 14. Qa4 Qxd3 15. Qxa7 Qa6 16. Qc5+ Qc6 17. Qa7 Nd5 18. Rb1 Qa6 19. Qc5+ Kb8 20. c4 Rc8 21. Qd4 Qxc4 22. Qxg7 Qc5+ 23. Kh1 Rhf8 24. Bh6 Rfe8 25. Qe5+ Qc7 26. Qb2 f6 27. Rfd1 Qc6 28. Rdc1 Qa6 29. Bd2 Rxc1+ 30. Rxc1 Rc8 31. Rb1 Rc6 32. Ba5 Rc5 33. Bb4 Nxb4 34. Qxb4 Qc6 35. Qf4+ e5 36. Qd2 Kc7 37. Qh6 Kb8 38. Qd2 Ka7 39. Qe3 Kb8 40. Qd2 Qc7 41. a4 Ka7 42. Qe3 Ka8 43. Rd1 f5 44. Qh6 f4 45. h3 Rc1 46. Rxc1 Qxc1+ 47. Kh2 Qc7 48. Qf8+ Ka7 49. Qb4 Ka6 50. Qb5+ Ka7 51. Qb4 h6 52. Qf8 h5 53. Qf5 h4 54. Qg5 e4 55. fxe4 Bxe4 56. Qxh4 f3+ 57. Qg3 Qc2 58. Qg7+ Ka6 59. a5 fxg2 60. Qf6+ Bc6 61. Qg5 Qd1 0-1

[Event "Turkey Cup 2020"]
[Site "Antalya-Belek"]
[Date "2020.01.30"]
[Round "7.57"]
[White "Bek, Emir"]
[Black "Caliskan, Seha"]
[Result "1/2-1/2"]
[WhiteElo "1829"]
[BlackElo "1673"]
[Annotator "NA RC"]
[PlyCount "147"]
[EventDate "2020.01.26"]
[EventType "swiss"]
[EventCountry "TUR"]
[SourceTitle "playchess.com"]
[Source "ChessBase"]
[SourceQuality "1"]

1. d4 e6 2. c4 Nf6 3. Nc3 Bb4 4. Nf3 d5 5. Bg5 dxc4 6. e4 h6 7. Bxf6 Qxf6 8. Bxc4 c5 9. O-O cxd4 10. Nb5 Qe7 11. Qxd4 O-O 12. Nxa7 Bc5 13. Nxc8 Rxc8 14. Qd3 Nc6 15. Rfc1 Rd8 16. Qe2 Nd4 17. Nxd4 Rxd4 18. a3 Rad8 19. Rd1 Qf6 20. Rd3 Rxd3 21. Bxd3 Qxf2+ 22. Qxf2 Bxf2+ 23. Kxf2 Rxd3 24. b4 Rb3 25. Rc1 Rxa3 26. Rc7 Rb3 27. Rxb7 g5 28. b5 Kg7 29. b6 Kf6 30. h3 h5 31. g3 h4 32. gxh4 gxh4 33. Rb8 Rxh3 34. b7 Rb3 35. Rh8 Rxb7 36. Rxh4 Ke5 37. Ke3 Rb3+ 38. Kf2 f6 39. Ke2 Rg3 40. Kf2 Rd3 41. Rg4 Rh3 42. Ke2 Kd4 43. Rg6 Kxe4 44. Rxf6 Rh2+ 45. Ke1 e5 46. Re6 Kd4 47. Re8 Ra2 48. Re7 e4 49. Rh7 Kd3 50. Re7 Ke3 51. Kf1 Ra1+ 52. Kg2 Rd1 53. Re8 Re1 54. Re7 Kd2 55. Ra7 Rc1 56. Rd7+ Ke2 57. Re7 Rc4 58. Re8 e3 59. Re7 Rc3 60. Re8 Kd2 61. Kf3 Rd3 62. Re7 Rd6 63. Ra7 Rf6+ 64. Kg2 Re6 65. Ra2+ Kd3 66. Ra3+ Kd2 67. Ra2+ Kc3 68. Kf3 Kd3 69. Ra3+ Kd4 70. Ra4+ Kc3 71. Ra3+ Kd2 72. Ra2+ Kd1 73. Ra1+ Kc2 74. Ra2+ 1/2-1/2

[Event "Turkey Cup 2020"]
[Site "Antalya-Belek"]
[Date "2020.01.30"]
[Round "7.58"]
[White "Kocakaplan, Emre"]
[Black "Koksal, Recep"]
[Result "1-0"]
[WhiteElo "1857"]
[BlackElo "1709"]
[Annotator "NA RC"]
[PlyCount "79"]
[EventDate "2020.01.26"]
[EventType "swiss"]
[EventCountry "TUR"]
[SourceTitle "playchess.com"]
[Source "ChessBase"]
[SourceQuality "1"]

1. d4 d6 2. Nf3 f5 3. c4 Nf6 4. g3 g6 5. Bg2 Bg7 6. O-O O-O 7. Nc3 Kh8 8. Qc2 Nc6 9. Rd1 a5 10. a3 Bd7 11. d5 Ne5 12. b3 Nf7 13. Bb2 c5 14. Re1 Ng4 15. h3 Nge5 16. Nh4 Nh6 17. f4 Nef7 18. Nf3 Rb8 19. a4 Kg8 20. Kh2 Qc7 21. Nd1 Rbe8 22. Bxg7 Kxg7 23. Qb2+ Kg8 24. Nf2 e5 25. dxe6 Rxe6 26. e4 Rfe8 27. exf5 Nxf5 28. Ng4 Nd4 29. Rxe6 Rxe6 30. Nxd4 cxd4 31. Bd5 Re7 32. Nh6+ Kf8 33. Nxf7 Rxf7 34. Bxf7 Kxf7 35. Qxd4 Kg8 36. Rd1 Qc8 37. Qxd6 Bxh3 38. Qd8+ Kf7 39. Qxc8 Bxc8 40. Rd5 1-0

[Event "Turkey Cup 2020"]
[Site "Antalya-Belek"]
[Date "2020.01.30"]
[Round "7.59"]
[White "Yilmaz, Cumhur"]
[Black "Selvi, Kaan"]
[Result "1/2-1/2"]
[WhiteElo "1719"]
[BlackElo "1907"]
[Annotator "NA RC"]
[PlyCount "81"]
[EventDate "2020.01.26"]
[EventType "swiss"]
[EventCountry "TUR"]
[SourceTitle "playchess.com"]
[Source "ChessBase"]
[SourceQuality "1"]

1. d4 Nf6 2. Nf3 c5 3. d5 g6 4. c4 d6 5. Nc3 Bg7 6. e4 O-O 7. Be3 e6 8. Be2 Na6 9. h3 Nc7 10. e5 dxe5 11. Bxc5 Re8 12. d6 Na6 13. Ba3 e4 14. Nd2 Qa5 15. Qa4 Qxa4 16. Nxa4 b6 17. b4 e3 18. fxe3 Nd5 19. Rc1 Ndxb4 20. c5 bxc5 21. Nxc5 Rd8 22. d7 Rxd7 23. Nxd7 Bxd7 24. Bxa6 Nxa6 25. Kf2 Bb5 26. Rhd1 Re8 27. Ne4 Ba4 28. Rd6 Nb8 29. Rc4 Bb5 30. Rc2 Nd7 31. Rc7 Nb6 32. Rc5 Ba4 33. Rd2 f5 34. Nc3 Bd7 35. Bb2 Rb8 36. Rc7 Be5 37. Rxa7 Bc6 38. Ra6 Nc4 39. Rc2 Nxb2 40. Rxc6 Nd3+ 41. Ke2 1/2-1/2

[Event "Turkey Cup 2020"]
[Site "Antalya-Belek"]
[Date "2020.01.30"]
[Round "7.60"]
[White "Koc, Aylin"]
[Black "Celik, Eylul"]
[Result "1-0"]
[WhiteElo "1500"]
[BlackElo "1865"]
[Annotator "NA RC"]
[PlyCount "45"]
[EventDate "2020.01.26"]
[EventType "swiss"]
[EventCountry "TUR"]
[SourceTitle "playchess.com"]
[Source "ChessBase"]
[SourceQuality "1"]

1. e4 c5 2. Nf3 e6 3. d4 cxd4 4. Nxd4 Qb6 5. Nb3 Qc7 6. c4 b6 7. Nc3 Ba6 8. Nb5 Bxb5 9. cxb5 Nf6 10. Bd3 Be7 11. O-O d5 12. exd5 exd5 13. Bg5 Qd8 14. Re1 O-O 15. Nd4 g6 16. Qf3 Kg7 17. Qh3 Re8 18. Qh6+ Kg8 19. Nf5 gxf5 20. Rxe7 Ng4 21. Qh4 Rxe7 22. Bxe7 Qc7 23. Bxf5 1-0

[Event "Turkey Cup 2020"]
[Site "Antalya-Belek"]
[Date "2020.01.30"]
[Round "7.61"]
[White "Caberoglu, Arda"]
[Black "Hazinedaroglu, Gokay"]
[Result "1-0"]
[WhiteElo "1893"]
[BlackElo "1510"]
[Annotator "NA RC"]
[PlyCount "59"]
[EventDate "2020.01.26"]
[EventType "swiss"]
[EventCountry "TUR"]
[SourceTitle "playchess.com"]
[Source "ChessBase"]
[SourceQuality "1"]

1. e4 c6 2. Nc3 d5 3. Nf3 dxe4 4. Nxe4 Bg4 5. h3 Bxf3 6. Qxf3 e6 7. Be2 Nd7 8. O-O Ngf6 9. d3 Nxe4 10. dxe4 Bd6 11. Rd1 Qc7 12. b4 Bxb4 13. Rb1 Be7 14. Ba3 Nb6 15. Bb2 e5 16. Qg3 Bf6 17. Ba3 h5 18. Bd6 h4 19. Qb3 Qd8 20. Bg4 Rc8 21. a4 Rc7 22. Bxc7 Qxc7 23. a5 Nc8 24. Bd7+ Ke7 25. Qxb7 Qxb7 26. Rxb7 Nd6 27. Rxa7 Nb5 28. Rb7 Nd6 29. Rc7 Nb5 30. Rc8 1-0

[Event "Turkey Cup 2020"]
[Site "Antalya-Belek"]
[Date "2020.01.30"]
[Round "7.62"]
[White "Karakaya, Mehmet"]
[Black "Arpa, Emre"]
[Result "1/2-1/2"]
[WhiteElo "1367"]
[BlackElo "1815"]
[Annotator "NA RC"]
[PlyCount "121"]
[EventDate "2020.01.26"]
[EventType "swiss"]
[EventCountry "TUR"]
[SourceTitle "playchess.com"]
[Source "ChessBase"]
[SourceQuality "1"]

1. e4 c5 2. Nf3 Nc6 3. d4 cxd4 4. Nxd4 e5 5. Nb5 d6 6. N1c3 a6 7. Na3 Be6 8. Nc4 Rc8 9. Be3 Nd4 10. Bxd4 exd4 11. Qxd4 Nf6 12. Ne3 g6 13. O-O-O Bg7 14. Qxd6 Qxd6 15. Rxd6 Rxc3 16. bxc3 Nxe4 17. Rxe6+ fxe6 18. f3 Nxc3 19. Bc4 Kf7 20. Nd1 Bh6+ 21. Kb2 Na4+ 22. Kb1 Rd8 23. Bd3 Rd6 24. a3 Rb6+ 25. Ka2 Bg7 26. Re1 Rd6 27. Re2 b5 28. Re1 g5 29. Nf2 h6 30. Ne4 Rc6 31. Rf1 Bd4 32. Re1 Ke7 33. Rf1 e5 34. Rh1 Kd7 35. h4 gxh4 36. Rxh4 Kc7 37. Rg4 Kb6 38. Rg8 Ka5 39. Rg4 Nc3+ 40. Nxc3 Rxc3 41. Rg6 h5 42. a4 Kb4 43. Kb1 Ra3 44. Kc1 Bc3 45. Kd1 Rxa4 46. g4 h4 47. Rh6 Ra1+ 48. Ke2 Rh1 49. Rxa6 h3 50. Rh6 Kc5 51. g5 Bd4 52. g6 Rh2+ 53. Kf1 Be3 54. Rh5 Kd4 55. Rh4+ Kc3 56. g7 Kd2 57. Rxh3 Rxh3 58. Kg2 Rh5 59. g8=Q Rg5+ 60. Qxg5 Bxg5 61. Bxb5 1/2-1/2

[Event "Turkey Cup 2020"]
[Site "Antalya-Belek"]
[Date "2020.01.30"]
[Round "7.63"]
[White "Korkmaz, Necmettin"]
[Black "Mermer, Yunus"]
[Result "1/2-1/2"]
[WhiteElo "2157"]
[BlackElo "1592"]
[Annotator "RC"]
[PlyCount "106"]
[EventDate "2020.01.26"]
[EventType "swiss"]
[EventCountry "TUR"]
[SourceTitle "playchess.com"]
[Source "ChessBase"]
[SourceQuality "1"]

1. e4 c5 2. Nf3 g6 3. d4 cxd4 4. Nxd4 Bg7 5. Nc3 Nc6 6. Be3 Nf6 7. Be2 O-O 8. O-O d5 9. exd5 Nb4 10. Bf3 Nbxd5 11. Nxd5 Nxd5 12. Bg5 h6 13. Bh4 g5 14. Bg3 e5 15. Bxd5 Qxd5 16. Nf5 Qe6 17. Nxg7 Kxg7 18. Re1 f6 19. Qd2 Qb6 20. h4 Bf5 21. hxg5 hxg5 22. Bxe5 fxe5 23. Qxg5+ Qg6 24. Qe7+ Rf7 25. Qxe5+ Qf6 26. Qg3+ Bg6 27. Re5 Raf8 28. Rf1 Qf4 29. Qc3 Rf6 30. Re3 Rh8 31. Rg3 Rhf8 32. Rf3 Qd6 33. Re1 R8f7 34. a4 Re7 35. Rxe7+ Qxe7 36. Kf1 Kf7 37. Qc4+ Kg7 38. Qd4 Qd6 39. Qxf6+ Qxf6 40. Rxf6 Kxf6 41. c3 a5 42. b4 b6 43. Ke2 Bc2 44. bxa5 bxa5 45. Ke3 Bxa4 46. Kd4 Bc6 47. g3 a4 48. Kc4 Kf5 49. Kb4 Kg4 50. c4 Kf3 51. Kc3 Bd7 52. Kb4 Kxf2 53. g4 Bxg4 1/2-1/2

[Event "Turkey Cup 2020"]
[Site "Antalya-Belek"]
[Date "2020.01.30"]
[Round "7.64"]
[White "Pasa, Ahmet"]
[Black "Erdogan, Atakan"]
[Result "0-1"]
[WhiteElo "1742"]
[BlackElo "1901"]
[Annotator "NA RC"]
[PlyCount "56"]
[EventDate "2020.01.26"]
[EventType "swiss"]
[EventCountry "TUR"]
[SourceTitle "playchess.com"]
[Source "ChessBase"]
[SourceQuality "1"]

1. e4 c5 2. Nc3 Nc6 3. g3 g6 4. Bg2 Bg7 5. d3 d6 6. f4 e6 7. Nf3 Nge7 8. Be3 O-O 9. O-O b6 10. Bf2 Ba6 11. Qd2 Rc8 12. Rae1 Qd7 13. e5 dxe5 14. fxe5 Nf5 15. Qf4 Ncd4 16. Bxd4 cxd4 17. Ne4 Rfd8 18. Nf6+ Bxf6 19. exf6 Qd6 20. Qg5 Bb7 21. Nh4 Bxg2 22. Nxf5 exf5 23. Kxg2 Rxc2+ 24. Kh3 Qd5 25. Rg1 Qf3 26. Ref1 Qe2 27. Rh1 Qg2+ 28. Kh4 Qxh2+ 0-1

[Event "Turkey Cup 2020"]
[Site "Antalya-Belek"]
[Date "2020.01.30"]
[Round "7.65"]
[White "Cam, Vedat"]
[Black "Tinmaz, Kerem"]
[Result "1-0"]
[WhiteElo "1879"]
[BlackElo "1729"]
[Annotator "NA RC"]
[PlyCount "145"]
[EventDate "2020.01.26"]
[EventType "swiss"]
[EventCountry "TUR"]
[SourceTitle "playchess.com"]
[Source "ChessBase"]
[SourceQuality "1"]

1. d4 d5 2. Nf3 Nf6 3. a3 Bf5 4. Nh4 Bg6 5. h3 e6 6. Nxg6 hxg6 7. Bg5 Be7 8. e3 Nbd7 9. Bd3 a6 10. Nd2 c5 11. c3 Rc8 12. Qe2 b5 13. O-O e5 14. dxe5 Nxe5 15. Bc2 O-O 16. f4 Nc6 17. f5 gxf5 18. Bxf5 Rc7 19. Rad1 Nh7 20. Bf4 Rb7 21. Qh5 Nf6 22. Qf3 g6 23. Bb1 Kg7 24. e4 d4 25. g4 Rd7 26. c4 Nh7 27. e5 Na5 28. Qd3 bxc4 29. Nxc4 Nxc4 30. Qxc4 Qb6 31. Qc1 Rb8 32. e6 fxe6 33. Bxb8 Qxb8 34. Rd3 Bg5 35. Qc2 Be3+ 36. Kg2 Qb7+ 37. Rf3 e5 38. Rdxe3 dxe3 39. Qxg6+ Kh8 40. Qe8+ Kg7 41. Qxe5+ Kg8 42. Bxh7+ Kxh7 43. Qxe3 Qxb2+ 44. Kg3 Qc2 45. Qe6 Qd1 46. Qf5+ Kg7 47. Qxc5 Qe1+ 48. Qf2 Qe5+ 49. Kg2 Qe4 50. Qe3 Qc2+ 51. Rf2 Qc6+ 52. Qf3 Qd6 53. h4 Rc7 54. h5 Qe5 55. Qf8+ Kh7 56. Qf5+ Qxf5 57. Rxf5 Rc4 58. Kg3 Ra4 59. Rf3 Kh6 60. Kh4 Kg7 61. Kg5 Ra5+ 62. Rf5 Rxa3 63. h6+ Kg8 64. Kg6 Rh3 65. g5 a5 66. Rxa5 Kf8 67. h7 Rh1 68. h8=Q+ Rxh8 69. Kf6 Rh6+ 70. gxh6 Kg8 71. Kg6 Kf8 72. Re5 Kg8 73. Re8# 1-0

[Event "Turkey Cup 2020"]
[Site "Antalya-Belek"]
[Date "2020.01.30"]
[Round "7.66"]
[White "Gunay, Mehmet Eren"]
[Black "Hanci, Ilker"]
[Result "1-0"]
[WhiteElo "1803"]
[BlackElo "1571"]
[Annotator "NA RC"]
[PlyCount "61"]
[EventDate "2020.01.26"]
[EventType "swiss"]
[EventCountry "TUR"]
[SourceTitle "playchess.com"]
[Source "ChessBase"]
[SourceQuality "1"]

1. d4 Nf6 2. Nf3 g6 3. c4 Bg7 4. Nc3 d5 5. cxd5 Nxd5 6. e4 Nxc3 7. bxc3 O-O 8. h3 c5 9. Be3 Qa5 10. Qd2 Nc6 11. Rc1 Rd8 12. d5 e6 13. c4 Qa3 14. Be2 b6 15. O-O Nb4 16. Bg5 f6 17. Bh4 Qxa2 18. Qe3 g5 19. Bg3 e5 20. Ra1 Qc2 21. Rfc1 Qb2 22. Rcb1 Qxa1 23. Rxa1 Nc2 24. Qc3 Nxa1 25. Qxa1 Bf8 26. Nxe5 fxe5 27. Qxe5 h6 28. Qf6 Rd7 29. Bh5 Bg7 30. Qe6+ Kh8 31. Qe8+ 1-0

[Event "Turkey Cup 2020"]
[Site "Antalya-Belek"]
[Date "2020.01.30"]
[Round "7.67"]
[White "Atik, Muhammed Ihsan"]
[Black "Bayik, Hasan"]
[Result "0-1"]
[WhiteElo "1585"]
[BlackElo "1822"]
[Annotator "NA RC"]
[PlyCount "68"]
[EventDate "2020.01.26"]
[EventType "swiss"]
[EventCountry "TUR"]
[SourceTitle "playchess.com"]
[Source "ChessBase"]
[SourceQuality "1"]

1. d4 Nf6 2. Bg5 d5 3. Bxf6 exf6 4. e3 Bf5 5. c4 Bxb1 6. Qxb1 Bb4+ 7. Kd1 O-O 8. a3 Be7 9. c5 g6 10. h4 f5 11. h5 Bf6 12. Ne2 b6 13. b4 Qd7 14. hxg6 fxg6 15. Qb3 Nc6 16. b5 Na5 17. Qb4 Rae8 18. c6 Qf7 19. Rc1 Be7 20. Qb2 Nc4 21. Rxc4 dxc4 22. Nf4 Bd6 23. Qc3 Qf6 24. Bxc4+ Kh8 25. Nd3 f4 26. exf4 Bxf4 27. Nxf4 Qxf4 28. d5+ Rf6 29. Rh3 Re4 30. Rf3 Rd4+ 31. Ke2 Qe4+ 32. Re3 Qg4+ 33. Rf3 Kg7 34. Ke3 Qe4# 0-1

[Event "Turkey Cup 2020"]
[Site "Antalya-Belek"]
[Date "2020.01.30"]
[Round "7.68"]
[White "Yilmaz, Serkan"]
[Black "Eren, Alper"]
[Result "0-1"]
[WhiteElo "1602"]
[BlackElo "1846"]
[Annotator "NA RC"]
[PlyCount "58"]
[EventDate "2020.01.26"]
[EventType "swiss"]
[EventCountry "TUR"]
[SourceTitle "playchess.com"]
[Source "ChessBase"]
[SourceQuality "1"]

1. e4 b6 2. d4 Bb7 3. Bd3 e6 4. Nf3 Nf6 5. e5 Ne4 6. Bxe4 Bxe4 7. Qe2 Bb7 8. O-O Be7 9. Be3 O-O 10. c4 d5 11. b3 c5 12. Nc3 dxc4 13. dxc5 cxb3 14. axb3 bxc5 15. Rfd1 Qc7 16. Nb5 Qb6 17. Nd6 Bd5 18. Rdc1 Nd7 19. b4 Qxb4 20. Rab1 Qg4 21. Nc4 f6 22. h3 Qh5 23. Bd2 fxe5 24. Ncxe5 Nxe5 25. Qxe5 Rf5 26. Qe3 Rxf3 27. gxf3 Qxh3 28. Re1 Rf8 29. Rb3 Bd6 0-1

[Event "Turkey Cup 2020"]
[Site "Antalya-Belek"]
[Date "2020.01.30"]
[Round "7.69"]
[White "Zekeriyaoglu, Ersen"]
[Black "Ozdemir, Metin"]
[Result "1-0"]
[WhiteElo "1799"]
[BlackElo "1435"]
[Annotator "NA RC"]
[PlyCount "65"]
[EventDate "2020.01.26"]
[EventType "swiss"]
[EventCountry "TUR"]
[SourceTitle "playchess.com"]
[Source "ChessBase"]
[SourceQuality "1"]

1. d4 d5 2. Nf3 e6 3. a3 c5 4. dxc5 Bxc5 5. b4 Be7 6. Bb2 Nf6 7. e3 O-O 8. Bd3 h6 9. Rg1 Nbd7 10. Nbd2 a5 11. b5 a4 12. g4 Nh7 13. h4 Bxh4 14. Nxh4 Qxh4 15. Nf3 Qe7 16. g5 h5 17. g6 fxg6 18. Bxg6 Ndf6 19. Qd3 Rf7 20. Ne5 Rf8 21. Bxh7+ Nxh7 22. Ng6 Qf7 23. Nxf8 Kxf8 24. Qxh7 g6 25. Qh6+ Ke7 26. Rxg6 Kd6 27. Rf6 Qg8 28. Qf8+ Qxf8 29. Rxf8 Kd7 30. O-O-O Ke7 31. Rh8 b6 32. Be5 Bb7 33. Rh7+ 1-0

[Event "Turkey Cup 2020"]
[Site "Antalya-Belek"]
[Date "2020.01.30"]
[Round "7.70"]
[White "Iren, Muhammet Kaan"]
[Black "Kapusuz, Hasan Huseyin"]
[Result "1-0"]
[WhiteElo "1698"]
[BlackElo "1605"]
[Annotator "NA RC"]
[PlyCount "79"]
[EventDate "2020.01.26"]
[EventType "swiss"]
[EventCountry "TUR"]
[SourceTitle "playchess.com"]
[Source "ChessBase"]
[SourceQuality "1"]

1. d4 Nf6 2. c4 c5 3. d5 e6 4. Nc3 exd5 5. cxd5 Bd6 6. Nf3 O-O 7. Bg5 Re8 8. Qc2 Bf8 9. e3 a6 10. a4 d6 11. Bd3 h6 12. Bh4 Nbd7 13. O-O b6 14. Rae1 Bb7 15. e4 g5 16. Bg3 Nh5 17. Nd2 Nxg3 18. hxg3 Ne5 19. Be2 Bg7 20. Nd1 Rb8 21. Ne3 Bc8 22. g4 b5 23. axb5 axb5 24. g3 Qb6 25. Kg2 Ng6 26. f4 Ra8 27. Nf5 Bxf5 28. gxf5 Nf8 29. fxg5 hxg5 30. f6 Bh8 31. Rf5 Nh7 32. Qc3 b4 33. Qf3 Qd8 34. Rh1 Bxf6 35. Rxh7 Kxh7 36. Rxf6 Ra7 37. Qf5+ Kg7 38. Qxg5+ Kf8 39. Bh5 Qa5 40. Rh6 1-0